Quizzes
Events
Quiz Creation
Community
Videos
Private Events
Remove Ads
Sign In
Join for FREE
Feedback
Dark Mode
Quiz Categories
Sports
Geography
Music
Movies
Television
Just For Fun
Miscellaneous
History
Literature
Language
Science
Gaming
Entertainment
Religion
Holiday
For Kids
Quiz Lab
Recent
Popular Today
Quiz Kudos Today
Editor Picks
Curator Picks
Quizzes by...
Day
Popularity
Type
Ratings
Length
Year
Community
Subscriptions
Recent Discussions
Orange Saloon
Badges
Playlists
Quests
Create
Leaderboards
Showdown
Live 5
Trivia Bingo
Activity
Puzzle Library
Sporcle Events
Private Events
Virtual Trivia
Globe League
Become a Host
Pub Owners
SporcleCon
Opinionation
Our Games
Videos
Blog
Mobile Apps
Partnerships
Remove Ads and Go Orange
Feedback
Music
Pop Music
The Beatles
Song
Album
Lyrics
Bands
Singers
Artist
Clip
Rock
Rap
Classical
Billboard
Country Music
Kpop
Taylor Swift
Music
Pop Music
The Beatles
Song
Album
Lyrics
Bands
Singers
Artist
Clip
Rock
Rap
Classical
Billboard
Country Music
Kpop
Taylor Swift
Random Quiz
Search Sporcle
×
Quiz Lab
Quiz Lab
Music
Lyrics
Type in answers that appear in a list
Type in answers that appear in a list
Classic
Best Score? Go Orange.
Guess the lyrics! part 1 Stats
Can you name the lyrics! part 1?
By
Jan90
17m
146 Questions
239 Plays
239 Plays
239 Plays
Comments
Comments
Give Quiz Kudos
Give Quiz Kudos
-
- Ratings
hide this ad
More Info
Replay
Link that replays current quiz
Next Quiz
Link to next quiz in quiz playlist
You Got
0%
They Got
Avg Score
31%
Avg Friend Score
Upgrade to see
Score Distribution
Jump to the score distribution portion of the page
Score
0/146
Timer
17:00
0
Plays Today
lyric
% Correct
and
98.7%
and
98.7%
a
98.7%
a
98.7%
the
98.7%
a
98.7%
and
98.7%
a
98.7%
a
98.7%
a
98.7%
the
98.7%
a
98.7%
and
98.7%
the
98.7%
and
98.7%
the
98.7%
you
94.6%
to
79.5%
to
79.5%
to
79.5%
to
79.5%
me
79.1%
is
78.7%
it
76.6%
it
76.6%
in
76.2%
in
76.2%
an
75.3%
an
75.3%
do
74.5%
no
68.2%
your
66.9%
your
66.9%
your
66.9%
of
66.5%
of
66.5%
for
63.2%
that
61.9%
her
59.8%
not
56.5%
don't
48.1%
at
45.6%
at
45.6%
with
42.3%
with
42.3%
with
42.3%
with
42.3%
its
41.8%
its
41.8%
lyric
% Correct
up
41.4%
but
40.6%
then
39.3%
down
36.8%
down
36.8%
by
35.1%
Uh-oh
29.7%
heart
29.7%
look
23%
right,
21.8%
right
21.8%
eye
21.3%
world
21.3%
world
21.3%
That's
20.1%
tell
18.8%
left
16.7%
listen
14.6%
listen
14.6%
light
12.6%
great,
12.1%
feeling
11.7%
coming
11.3%
beat
10.9%
fight,
10.5%
wasn't
10%
needs,
9.6%
needs
9.6%
needs,
9.6%
own
9.2%
own
9.2%
fire
9.2%
own
9.2%
it'll
8.8%
afraid
7.5%
yourself
7.5%
yourself,
7.5%
yourself
7.5%
hurricane,
7.1%
starts
6.7%
Birds
6.7%
starts
6.7%
fine
6.7%
save
6.7%
earthquake
6.3%
misserve
5.9%
speak,
5.9%
serve
5.9%
bright
5.4%
lyric
% Correct
pretty
5.4%
Lenny
5%
Bruce
5%
churn
5%
games
5%
plane,
5%
snakes,
4.6%
aeroplane
4.6%
notch,
4.6%
strength
4.6%
breathing
4.6%
low
4.6%
serves
4.2%
fear
4.2%
hire
4.2%
site
4.2%
hurry
4.2%
neck
4.2%
serves
4.2%
speed
3.8%
wire
3.8%
seven
3.8%
government
3.8%
combat
3.8%
representing
3.3%
team
3.3%
team
3.3%
overflow
3.3%
population,
3.3%
patriotic,
3.3%
grunt,
2.9%
ladder
2.9%
clatter
2.9%
height,
2.9%
height
2.9%
furies
2.9%
reporters,
2.9%
slam,
2.9%
psyched
2.9%
baffled,
2.5%
trumped,
2.5%
tethered,
2.5%
common
2.5%
rapture
2.5%
vitriolic,
2.5%
cropped
2.1%
group
2.1%
reverend
1.7%
Quiz Playlist
Details
Report
Send in Message
Add To Playlist
More Info:
1 verse of a well known song. might not be too easy so spend your limited time wisely.
Classic:
Type in answers that appear in a list
Last Updated: Feb 16, 2017
Quiz Scoreboard
CHALLENGE
Sign Up to Join the Scoreboard
Show All
Scores
Hide
Comments
May contain spoilers
Recently Published
Alphabetical 'K' Countries by Flag Minefield
by ylime102
Geography
3m
Pick 6: Fruits
by JohnFran
Miscellaneous
15s
Click the 1999 NBA Draft
by nibperrychub
Sports
2m
More to Explore
Quiz From the Vault
Featured Blog Post
15 Basketball Trivia Facts You Can Be March Mad About
hide this ad
You Might Also Like...
Tags
Lyrics Quiz
Today's Top Quizzes in Music
Browse Music
hide this ad
Today's Top Quizzes in Lyrics
Browse Lyrics
Top Contributed Quizzes in Music
1
Taylor Swift All Songs (2024)
2
KPOP LOGIC QUIZ
3
A Taylor Swift Logic Puzzle
4
K-Pop Murder Mystery Logic Quiz
5
Taylor Swift Logic Puzzle
6
Guess the Taylor Swift song (Mystery Song)
7
Guess The Taylor Swift Lyrics Song #1
8
NCT 2020 Logic Puzzle
9
Joni Mitchell—'Car on a Hill' Lyrics
10
kpop group name match up
Explore More
Trending Topics
Marvel
Kpop
Harry Potter
Anime
Disney
Crossword
NBA
NFL
The Office
Country
Pokémon
Song
Puzzle
WWE
Soccer
hide this ad
More By:
Jan90
Quiz
Plays
Rating
Category
Featured
Created
guess the lyrics! part 1
239
2.75
Music
May 27, 2010
Go to Creator's Profile
Score Distribution
Quiz Creator Spotlight
Jan90
Follow
Send a Message
Quizzes Created
-
Created Quiz Play Count
-
More By This Creator
Popular Quizzes Today
1
Find the US States - No Outlines Minefield
2
Countries of Asia Without Outlines Minefield
3
Pick 6: Fruits
4
Alphabetical 'K' Countries by Flag Minefield
5
The Countries of the World
6
Find the US States
7
Match the Book to the Film X
8
Click the 1999 NBA Draft
More Music Quizzes
Lana Del Rey Born To Die Album in Order
Quiz Lab
Trending Quizzes
Pick 6: Mountains
Pick 6: Harry Potter
Pick 6: NFL Teams
Pick 6: Movie Franchises
Pick 6: Golfers
Recently Updated
NWSL Teams
pecheneg
Women's Final Four Teams by Year
bhenderson79
Presidents Quartet II
eogle
Anything But Clue(do)
eogle
Anything But Oceanian Capitals
eogle
Anything But 7
eogle
Anything But Thing
eogle
Word Ladder: February 29
pecheneg
Song Title Questions
pecheneg
Women's NCAA Tournament #1 Seeds
pecheneg
Trending Topics
Disney
Anime
Kpop
Crossword
NBA
Marvel
Harry Potter
Soccer
WWE
Puzzle
NFL
Pokémon
Country
The Office
Song
Your Account Isn't Verified!
In order to create a playlist on Sporcle, you need to verify the email address you used during registration. Go to your
Sporcle Settings
to finish the process.
Report this User
Report this user for behavior that violates our
Community Guidelines
.
Details:
Send Report
Go to the Sporcle.com Mobile Site →
Comments